|
|
|
|
| LEADER |
00737pam a22002298a 4500 |
| 001 |
00022159 |
| 005 |
20171026081022.0 |
| 008 |
110528s1875 ||||||Viesd |
| 041 |
0 |
# |
|a Vie
|
| 082 |
1 |
# |
|a 843
|b NG558KH
|
| 100 |
0 |
# |
|a Valex Tuyn
|
| 242 |
2 |
1 |
|a Người khởi nghĩa
|
| 245 |
0 |
0 |
|a Jăc Vanhtrax
|c Tuyn Valex
|n T.3
|
| 260 |
# |
# |
|a H.
|b Văn học
|c 1875
|
| 300 |
# |
# |
|a 323 tr.
|c 19 cm.
|
| 500 |
# |
# |
|a Dịch từ nguyên bản Tiếng Pháp
|
| 650 |
# |
7 |
|2 Văn học hiện đại
|a Văn học Pháp
|
| 653 |
# |
# |
|a Tiểu thuyết
|
| 852 |
# |
# |
|b Kho đọc
|j KD.0007618
|
| 852 |
# |
# |
|j KD.0007618
|
| 910 |
# |
# |
|a Hoa Lê
|d 28/05/2011
|
| 980 |
# |
# |
|a Trung tâm Học liệu Lê Vũ Hùng, Trường Đại học Đồng Tháp
|